[Event "DEM U10 2023"]
[Site "Willingen GER"]
[Date "2023.06.03"]
[Round "11"]
[White "Simon, Levi Paul"]
[Black "Bremermann, Jakow"]
[Result "1-0"]
[Termination "normal"]
[Board "26"]
[WhiteElo "1297"]
[BlackElo "787"]
[WhiteClock "00:35:55"]
[BlackClock "00:35:36"]
[PlyCount "133"]
[WhiteFideId "34652310"]
[BlackFideId "34660160"]
[EventCountry "GER"]
[EventRounds "11"]
[EventType "swiss"]
[EventDate "2023.05.27"]

1. d4 {[%clk 01:15:59]} d5 {[%clk 01:15:59]} {[%emt 00:00:02]} 2. c4 {[%clk
01:16:16]} {[%emt 00:00:13]} e6 {[%clk 01:16:22]} {[%emt 00:00:07]} 3. Nf3
{[%clk 01:16:40]} {[%emt 00:00:06]} Nf6 {[%clk 01:16:35]} {[%emt 00:00:16]} 4.
Nc3 {[%clk 01:17:04]} {[%emt 00:00:07]} Be7 {[%clk 01:16:46]} {[%emt 00:00:19]}
5. Bg5 {[%clk 01:17:24]} {[%emt 00:00:10]} O-O {[%clk 01:17:07]} {[%emt
00:00:09]} 6. e3 {[%clk 01:17:48]} {[%emt 00:00:07]} h6 {[%clk 01:17:20]}
{[%emt 00:00:17]} 7. Bh4 {[%clk 01:17:58]} {[%emt 00:00:20]} Nbd7 {[%clk
01:14:37]} {[%emt 00:03:13]} 8. Bd3 {[%clk 01:16:27]} {[%emt 00:02:01]} b6
{[%clk 01:14:18]} {[%emt 00:00:48]} 9. cxd5 {[%clk 01:15:19]} {[%emt 00:01:39]}
exd5 {[%clk 01:09:39]} {[%emt 00:05:09]} 10. Rc1 {[%clk 01:14:41]} {[%emt
00:01:09]} Bb7 {[%clk 01:09:05]} {[%emt 00:01:02]} 11. O-O {[%clk 01:13:25]}
{[%emt 00:01:47]} Rb8 {[%clk 01:04:36]} {[%emt 00:04:53]} 12. Bg3 {[%clk
01:12:09]} {[%emt 00:01:51]} Nh5 {[%clk 00:58:53]} {[%emt 00:06:14]} 13. Be5
{[%clk 01:10:30]} {[%emt 00:02:08]} Bf6 {[%clk 00:58:23]} {[%emt 00:00:59]} 14.
g4 {[%clk 01:02:16]} {[%emt 00:08:44]} Bxe5 {[%clk 00:50:06]} {[%emt 00:08:48]}
15. dxe5 {[%clk 01:00:40]} {[%emt 00:02:06]} d4 {[%clk 00:49:37]} {[%emt
00:00:59]} 16. exd4 {[%clk 00:57:51]} {[%emt 00:03:17]} Nf4 {[%clk 00:48:37]}
{[%emt 00:01:29]} 17. Be4 {[%clk 00:57:16]} {[%emt 00:01:07]} Bxe4 {[%clk
00:47:40]} {[%emt 00:01:27]} 18. Nxe4 {[%clk 00:56:25]} {[%emt 00:01:21]} Nh3+
{[%clk 00:46:26]} {[%emt 00:01:43]} 19. Kh1 {[%clk 00:55:27]} {[%emt 00:01:27]}
Nf4 {[%clk 00:45:03]} {[%emt 00:01:54]} 20. Qc2 {[%clk 00:53:31]} {[%emt
00:02:28]} Rc8 {[%clk 00:42:01]} {[%emt 00:03:31]} 21. g5 {[%clk 00:52:14]}
{[%emt 00:01:47]} c5 {[%clk 00:41:25]} {[%emt 00:01:04]} 22. Qd2 {[%clk
00:49:38]} {[%emt 00:03:08]} f5 {[%clk 00:37:33]} {[%emt 00:04:21]} 23. gxf6
{[%clk 00:45:44]} {[%emt 00:04:25]} Nxe5 {[%clk 00:33:02]} {[%emt 00:05:01]}
24. dxe5 {[%clk 00:44:42]} {[%emt 00:01:32]} Qxd2 {[%clk 00:33:22]} {[%emt
00:00:10]} 25. Nfxd2 {[%clk 00:44:51]} {[%emt 00:00:21]} gxf6 {[%clk 00:33:08]}
{[%emt 00:00:45]} 26. Nxf6+ {[%clk 00:44:13]} {[%emt 00:01:08]} Kg7 {[%clk
00:33:12]} {[%emt 00:00:25]} 27. Nf3 {[%clk 00:41:45]} {[%emt 00:02:58]} Nd3
{[%clk 00:32:45]} {[%emt 00:00:56]} 28. Rc2 {[%clk 00:38:52]} {[%emt 00:03:25]}
Nxe5 {[%clk 00:32:40]} {[%emt 00:00:34]} 29. Nxe5 {[%clk 00:36:11]} {[%emt
00:03:11]} Rxf6 {[%clk 00:31:56]} {[%emt 00:01:13]} 30. Rg1+ {[%clk 00:35:50]}
{[%emt 00:00:52]} Kh7 {[%clk 00:28:54]} {[%emt 00:03:32]} 31. Rd2 {[%clk
00:35:40]} {[%emt 00:00:41]} Rc7 {[%clk 00:28:39]} {[%emt 00:00:45]} 32. Rg2
{[%clk 00:33:44]} {[%emt 00:02:25]} Re7 {[%clk 00:28:24]} {[%emt 00:00:41]} 33.
Rd7 {[%clk 00:32:37]} {[%emt 00:01:42]} Rxd7 {[%clk 00:28:43]} {[%emt
00:00:11]} 34. Nxd7 {[%clk 00:33:00]} {[%emt 00:00:07]} Rd6 {[%clk 00:28:41]}
{[%emt 00:00:32]} 35. Ne5 {[%clk 00:31:15]} {[%emt 00:02:15]} Re6 {[%clk
00:28:34]} {[%emt 00:00:37]} 36. f4 {[%clk 00:31:23]} {[%emt 00:00:23]} Rf6
{[%clk 00:28:41]} {[%emt 00:00:22]} 37. Rf2 {[%clk 00:31:30]} {[%emt 00:00:23]}
a5 {[%clk 00:28:49]} {[%emt 00:00:22]} 38. Kg2 {[%clk 00:31:52]} {[%emt
00:00:08]} Kg7 {[%clk 00:28:37]} {[%emt 00:00:42]} 39. Kf3 {[%clk 00:31:45]}
{[%emt 00:00:37]} b5 {[%clk 00:28:27]} {[%emt 00:00:40]} 40. Rg2+ {[%clk
00:32:03]} {[%emt 00:00:13]} Kh7 {[%clk 00:28:41]} {[%emt 00:00:15]} 41. Nd7
{[%clk 00:31:57]} {[%emt 00:00:37]} Rc6 {[%clk 00:28:44]} {[%emt 00:00:27]} 42.
Rc2 {[%clk 00:32:14]} {[%emt 00:00:13]} c4 {[%clk 00:28:58]} {[%emt 00:00:17]}
43. a4 {[%clk 00:32:22]} {[%emt 00:00:22]} bxa4 {[%clk 00:29:04]} {[%emt
00:00:24]} 44. Ne5 {[%clk 00:32:07]} {[%emt 00:00:45]} Rc8 {[%clk 00:29:07]}
{[%emt 00:00:25]} 45. Nxc4 {[%clk 00:32:13]} {[%emt 00:00:26]} h5 {[%clk
00:29:18]} {[%emt 00:00:18]} 46. Rc3 {[%clk 00:32:26]} {[%emt 00:00:17]} Kh6
{[%clk 00:29:35]} {[%emt 00:00:12]} 47. Nxa5 {[%clk 00:32:45]} {[%emt
00:00:12]} Rxc3+ {[%clk 00:29:49]} {[%emt 00:00:16]} 48. bxc3 {[%clk 00:33:08]}
{[%emt 00:00:07]} a3 {[%clk 00:30:14]} {[%emt 00:00:05]} 49. c4 {[%clk
00:33:23]} {[%emt 00:00:16]} a2 {[%clk 00:30:37]} {[%emt 00:00:07]} 50. Nb3
{[%clk 00:33:45]} {[%emt 00:00:07]} Kg7 {[%clk 00:30:56]} {[%emt 00:00:11]} 51.
c5 {[%clk 00:33:28]} {[%emt 00:00:48]} Kf7 {[%clk 00:31:20]} {[%emt 00:00:06]}
52. Ke4 {[%clk 00:33:33]} {[%emt 00:00:25]} Ke7 {[%clk 00:31:33]} {[%emt
00:00:17]} 53. Kd3 {[%clk 00:33:10]} {[%emt 00:00:53]} Ke6 {[%clk 00:31:38]}
{[%emt 00:00:25]} 54. Kc2 {[%clk 00:33:26]} {[%emt 00:00:14]} h4 {[%clk
00:31:52]} {[%emt 00:00:16]} 55. Nd4+ {[%clk 00:33:35]} {[%emt 00:00:22]} Kd5
{[%clk 00:32:05]} {[%emt 00:00:16]} 56. Kb2 {[%clk 00:33:54]} {[%emt 00:00:12]}
a1=Q+ {[%clk 00:00:00]} {[%emt 00:00:42]} 57. Kxa1 {[%clk 00:36:01]} {[%emt
00:00:33]} Kxd4 {[%clk 00:32:32]} {[%emt 00:00:16]} 58. c6 {[%clk 00:35:34]}
{[%emt 00:00:59]} Ke4 {[%clk 00:32:55]} {[%emt 00:00:07]} 59. c7 {[%clk
00:35:30]} {[%emt 00:00:33]} Kxf4 {[%clk 00:33:14]} {[%emt 00:00:11]} 60. c8=Q
{[%clk 00:35:41]} {[%emt 00:00:19]} Kg5 {[%clk 00:33:29]} {[%emt 00:00:16]} 61.
h3 {[%clk 00:35:17]} {[%emt 00:00:53]} Kh5 {[%clk 00:33:48]} {[%emt 00:00:11]}
62. Qg8 {[%clk 00:34:16]} {[%emt 00:01:31]} Kh6 {[%clk 00:34:07]} {[%emt
00:00:11]} 63. Kb2 {[%clk 00:34:36]} {[%emt 00:00:11]} Kh5 {[%clk 00:34:29]}
{[%emt 00:00:08]} 64. Kc3 {[%clk 00:34:59]} {[%emt 00:00:07]} Kh6 {[%clk
00:34:47]} {[%emt 00:00:12]} 65. Kd4 {[%clk 00:35:19]} {[%emt 00:00:09]} Kh5
{[%clk 00:35:12]} {[%emt 00:00:05]} 66. Ke5 {[%clk 00:35:39]} {[%emt 00:00:10]}
Kh6 {[%clk 00:35:36]} {[%emt 00:00:05]} 67. Kf5 {[%clk 00:35:55]} {[%emt
00:00:14]} 1-0

[Event "DEM U10 2023"]
[Site "Willingen GER"]
[Date "2023.06.03"]
[Round "11"]
[White "Khanbekyan, Aram"]
[Black "Franke, Moritz"]
[Result "1-0"]
[Termination "normal"]
[Board "28"]
[WhiteElo "1328"]
[BlackElo "1141"]
[WhiteClock "00:14:19"]
[BlackClock "00:47:53"]
[PlyCount "119"]
[WhiteFideId "34606149"]
[BlackFideId "34629475"]
[EventCountry "GER"]
[EventRounds "11"]
[EventType "swiss"]
[EventDate "2023.05.27"]

1. e4 {[%clk 01:15:58]} {[%emt 00:00:01]} c5 {[%clk 01:15:56]} {[%emt
00:00:05]} 2. Nf3 {[%clk 01:16:21]} {[%emt 00:00:06]} Nc6 {[%clk 01:16:20]}
{[%emt 00:00:05]} 3. d4 {[%clk 01:16:43]} {[%emt 00:00:08]} cxd4 {[%clk
01:16:44]} {[%emt 00:00:06]} 4. Nxd4 {[%clk 01:17:05]} {[%emt 00:00:08]} g6
{[%clk 01:17:08]} {[%emt 00:00:06]} 5. Nc3 {[%clk 01:17:28]} {[%emt 00:00:06]}
Bg7 {[%clk 01:17:33]} {[%emt 00:00:05]} 6. Be3 {[%clk 01:17:47]} {[%emt
00:00:11]} Nf6 {[%clk 01:17:55]} {[%emt 00:00:08]} 7. Bc4 {[%clk 01:17:57]}
{[%emt 00:00:19]} Qa5 {[%clk 01:18:18]} {[%emt 00:00:08]} 8. f3 {[%clk
01:16:37]} {[%emt 00:01:50]} Qb4 {[%clk 01:17:37]} {[%emt 00:01:11]} 9. Qd3
{[%emt 00:03:29]} Ne5 {[%clk 01:03:40]} {[%emt 00:14:21]} 10. Bxf7+ {[%clk
01:08:05]} {[%emt 00:06:09]} Kxf7 {[%clk 01:00:25]} {[%emt 00:03:44]} 11. Qb5
{[%clk 01:00:48]} {[%emt 00:07:46]} Qxb5 {[%clk 00:58:54]} {[%emt 00:02:03]}
12. Ndxb5 {[%clk 00:52:30]} {[%emt 00:08:47]} Nc4 {[%clk 00:58:36]} {[%emt
00:00:49]} 13. Bf2 {[%clk 00:51:38]} {[%emt 00:01:16]} b6 {[%clk 00:58:08]}
{[%emt 00:01:04]} 14. O-O {[%clk 00:48:15]} {[%emt 00:03:53]} Nxb2 {[%clk
00:57:54]} {[%emt 00:00:43]} 15. e5 {[%clk 00:46:31]} {[%emt 00:02:14]} Ne8
{[%clk 00:56:54]} {[%emt 00:01:30]} 16. f4 {[%clk 00:45:14]} {[%emt 00:01:46]}
Ba6 {[%clk 00:57:06]} {[%emt 00:00:19]} 17. Bh4 {[%clk 00:44:13]} {[%emt
00:01:28]} Bxb5 {[%clk 00:55:01]} {[%emt 00:02:38]} 18. Nxb5 {[%clk 00:43:31]}
{[%emt 00:01:12]} d6 {[%clk 00:54:22]} {[%emt 00:01:10]} 19. Rae1 {[%clk
00:41:35]} {[%emt 00:02:00]} Bf8 {[%clk 00:45:05]} {[%emt 00:10:11]} 20. e6+
{[%clk 00:37:41]} {[%emt 00:04:25]} Kg8 {[%emt 00:03:45]} 21. f5 {[%clk
00:35:30]} a6 {[%clk 00:43:33]} {[%emt 00:01:29]} 22. Nd4 {[%clk 00:32:21]}
{[%emt 00:03:22]} Bg7 {[%clk 00:43:08]} {[%emt 00:01:11]} 23. Nc6 {[%clk
00:30:31]} {[%emt 00:02:11]} Bf6 {[%clk 00:42:38]} {[%emt 00:01:08]} 24. Nxe7+
{[%clk 00:27:33]} {[%emt 00:03:28]} Bxe7 {[%clk 00:42:42]} {[%emt 00:00:26]}
25. Bxe7 {[%clk 00:26:23]} {[%emt 00:01:40]} gxf5 {[%clk 00:41:43]} {[%emt
00:01:29]} 26. Rxf5 {[%clk 00:25:40]} {[%emt 00:01:13]} Ra7 {[%clk 00:40:25]}
{[%emt 00:01:49]} 27. Rg5+ {[%clk 00:25:13]} {[%emt 00:00:56]} Ng7 {[%clk
00:39:21]} {[%emt 00:01:34]} 28. Bf6 {[%clk 00:22:24]} {[%emt 00:03:14]} Nc4
{[%clk 00:39:37]} {[%emt 00:00:19]} 29. e7 {[%clk 00:21:37]} {[%emt 00:01:18]}
Kf7 {[%clk 00:39:21]} {[%emt 00:00:46]} 30. Rf1 {[%clk 00:17:25]} {[%emt
00:04:42]} Rxe7 {[%clk 00:39:10]} {[%emt 00:00:41]} 31. Bxe7+ {[%clk 00:16:56]}
{[%emt 00:00:59]} Kxe7 {[%clk 00:39:11]} {[%emt 00:00:30]} 32. Rxg7+ {[%clk
00:17:03]} {[%emt 00:00:22]} Ke6 {[%clk 00:39:41]} {[%emt 00:00:02]} 33. Rff7
{[%clk 00:16:13]} {[%emt 00:01:20]} Ne5 {[%clk 00:39:56]} {[%emt 00:00:15]} 34.
Re7+ {[%clk 00:15:19]} {[%emt 00:01:23]} Kf6 {[%clk 00:40:20]} {[%emt
00:00:07]} 35. Rxh7 {[%clk 00:14:43]} {[%emt 00:01:06]} Rxh7 {[%clk 00:40:40]}
{[%emt 00:00:10]} 36. Rxh7 {[%clk 00:15:08]} {[%emt 00:00:04]} Kg6 {[%clk
00:41:07]} {[%emt 00:00:04]} 37. Ra7 {[%clk 00:15:10]} {[%emt 00:00:27]} a5
{[%clk 00:41:29]} {[%emt 00:00:09]} 38. h4 {[%clk 00:14:38]} {[%emt 00:01:02]}
d5 {[%clk 00:41:50]} {[%emt 00:00:10]} 39. Kf2 {[%clk 00:13:52]} {[%emt
00:01:16]} Ng4+ {[%clk 00:42:06]} {[%emt 00:00:14]} 40. Kg3 {[%clk 00:13:39]}
{[%emt 00:00:41]} Ne3 {[%clk 00:42:31]} {[%emt 00:00:06]} 41. Ra6 {[%clk
00:13:18]} {[%emt 00:00:49]} Nc4 {[%clk 00:42:52]} {[%emt 00:00:10]} 42. Kg4
{[%clk 00:13:25]} {[%emt 00:00:23]} Ne3+ {[%clk 00:43:16]} {[%emt 00:00:07]}
43. Kf3 {[%clk 00:13:17]} {[%emt 00:00:21]} Nc4 {[%clk 00:43:44]} {[%emt
00:00:18]} 44. g4 {[%clk 00:13:32]} {[%emt 00:00:14]} Nd2+ {[%clk 00:44:08]}
{[%emt 00:00:07]} 45. Ke3 {[%clk 00:13:35]} {[%emt 00:00:24]} Nc4+ {[%clk
00:44:36]} {[%emt 00:00:05]} 46. Kd4 {[%clk 00:13:43]} {[%emt 00:00:21]} Na3
{[%clk 00:44:42]} {[%emt 00:00:25]} 47. h5+ {[%clk 00:13:51]} {[%emt 00:00:22]}
Kh6 {[%clk 00:45:07]} {[%emt 00:00:06]} 48. Rxb6+ {[%clk 00:14:02]} {[%emt
00:00:18]} Kg5 {[%clk 00:45:36]} {[%emt 00:00:01]} 49. h6 {[%clk 00:14:18]}
{[%emt 00:00:13]} Nc4 {[%clk 00:46:00]} {[%emt 00:00:06]} 50. Ra6 {[%clk
00:14:11]} {[%emt 00:00:32]} Ne5 {[%clk 00:46:09]} {[%emt 00:00:26]} 51. Kxe5
{[%clk 00:13:58]} {[%emt 00:00:42]} d4 {[%clk 00:46:38]} {[%emt 00:00:02]} 52.
h7 {[%clk 00:14:18]} {[%emt 00:00:09]} d3 {[%clk 00:47:07]} {[%emt 00:00:01]}
53. cxd3 {[%clk 00:14:27]} {[%emt 00:00:21]} a4 {[%clk 00:47:29]} {[%emt
00:00:08]} 54. h8=Q {[%emt 00:00:17]} a3 {[%emt 00:00:03]} 55. Qg8 {[%clk
00:14:44]} {[%emt 00:00:23]} Kh4 {[%clk 00:48:21]} {[%emt 00:00:08]} 56. Rh6+
{[%clk 00:14:50]} {[%emt 00:00:24]} Kg3 {[%clk 00:48:48]} {[%emt 00:00:03]} 57.
Qf8 {[%clk 00:14:23]} {[%emt 00:00:56]} Kg2 {[%clk 00:47:04]} {[%emt 00:02:14]}
58. Qf4 {[%clk 00:14:37]} {[%emt 00:00:12]} Kg1 {[%clk 00:47:29]} {[%emt
00:00:09]} 59. Qd2 {[%clk 00:14:26]} {[%emt 00:00:41]} Kf1 {[%clk 00:47:53]}
{[%emt 00:00:08]} 60. Rh1# {[%clk 00:14:19]} {[%emt 00:00:06]} 1-0